<?xml version="1.0" encoding="UTF-8"?>
<record
    xmlns:xsi="http://www.w3.org/2001/XMLSchema-instance"
    xsi:schemaLocation="http://www.loc.gov/MARC21/slim http://www.loc.gov/standards/marcxml/schema/MARC21slim.xsd"
    xmlns="http://www.loc.gov/MARC21/slim">

  <leader>01292cam a22002651  4500</leader>
  <controlfield tag="001">rc 01002692 </controlfield>
  <controlfield tag="003">DLC</controlfield>
  <controlfield tag="005">20260227111907.0</controlfield>
  <controlfield tag="008">800515s1855    nyub          000 0 eng  </controlfield>
  <datafield tag="010" ind1=" " ind2=" ">
    <subfield code="a">rc 01002692 </subfield>
  </datafield>
  <datafield tag="035" ind1=" " ind2=" ">
    <subfield code="a">(OCoLC)6320975</subfield>
  </datafield>
  <datafield tag="040" ind1=" " ind2=" ">
    <subfield code="a">DLC</subfield>
    <subfield code="c">InU</subfield>
    <subfield code="d">InHi</subfield>
    <subfield code="d">DLC</subfield>
  </datafield>
  <datafield tag="043" ind1=" " ind2=" ">
    <subfield code="a">n-us---</subfield>
  </datafield>
  <datafield tag="050" ind1="0" ind2="0">
    <subfield code="a">F597</subfield>
    <subfield code="b">.C724</subfield>
  </datafield>
  <datafield tag="100" ind1="1" ind2=" ">
    <subfield code="a">Colton, J. H.</subfield>
    <subfield code="q">(Joseph Hutchins),</subfield>
    <subfield code="d">1800-1893.</subfield>
  </datafield>
  <datafield tag="245" ind1="0" ind2="9">
    <subfield code="a">Colton's traveler and tourist's guide-book through the western states and territories,</subfield>
    <subfield code="b">containing brief descriptions of each, with the routes and distances on the great lines of travel.  Accompanied by a map, exhibiting the township lines of the U. S. surveys, the boundaries of counties, position of cities, villages, settlements, etc.</subfield>
  </datafield>
  <datafield tag="260" ind1=" " ind2=" ">
    <subfield code="a">New York,</subfield>
    <subfield code="b">J. H. Colton and company,</subfield>
    <subfield code="c">1855.</subfield>
  </datafield>
  <datafield tag="300" ind1=" " ind2=" ">
    <subfield code="a">99, [1] p.</subfield>
    <subfield code="b">fold. map.</subfield>
    <subfield code="c">16 cm.</subfield>
  </datafield>
  <datafield tag="500" ind1=" " ind2=" ">
    <subfield code="a">Imperfect: map wanting.</subfield>
  </datafield>
  <datafield tag="500" ind1=" " ind2=" ">
    <subfield code="a">Includes the states of Ohio, Michigan, Indiana, Illinois, Missouri, Iowa and Wisconsin, and the territories of Minnesota, Kansas and Nebraska.</subfield>
  </datafield>
  <datafield tag="500" ind1=" " ind2=" ">
    <subfield code="a">Based in part upon an earlier work: The western tourist, or Emigrant's guide, New York, 1844.</subfield>
  </datafield>
  <datafield tag="651" ind1=" " ind2="0">
    <subfield code="a">Northwest, Old</subfield>
    <subfield code="v">Guidebooks.</subfield>
  </datafield>
  <datafield tag="651" ind1=" " ind2="0">
    <subfield code="a">Mississippi River Valley</subfield>
    <subfield code="v">Guidebooks.</subfield>
  </datafield>
  <datafield tag="700" ind1="1" ind2=" ">
    <subfield code="a">Smith, John Calvin.</subfield>
  </datafield>
  <datafield tag="999" ind1=" " ind2=" ">
    <subfield code="c">52376</subfield>
    <subfield code="d">52376</subfield>
  </datafield>
</record>
